Top 50 Most Visited Countries by Int'l Arrivals - Statistics

General Stats
  • This quiz has been taken 66 times
  • The average score is 44 of 50
Answer Stats
Tourists in 2025 Country % Correct
85,900,000 China
100%
52,400,000 Italy
98%
24,600,000 Russia
98%
75,600,000 United States
98%
12,800,000 Egypt
96%
82,600,000 France
96%
24,000,000 Japan
96%
35,800,000 United Kingdom
96%
20,800,000 Canada
95%
35,500,000 Germany
95%
35,000,000 Mexico
95%
5,500,000 Norway
95%
75,500,000 Spain
95%
6,000,000 Sweden
95%
9,500,000 Switzerland
95%
18,900,000 Vietnam
95%
11,900,000 Australia
93%
28,100,000 Austria
93%
20,300,000 Brazil
93%
19,000,000 India
93%
17,500,000 South Korea
93%
32,600,000 Thailand
93%
24,800,000 Greece
91%
24,000,000 Portugal
91%
6,500,000 Argentina
89%
20,100,000 Netherlands
89%
8,800,000 South Africa
89%
30,100,000 Turkey
89%
7,500,000 Belgium
88%
14,300,000 Czechia
88%
13,300,000 Denmark
88%
8,500,000 Ireland
88%
26,800,000 Malaysia
88%
15,100,000 Singapore
88%
15,900,000 United Arab Emirates
88%
5,300,000 Colombia
86%
22,100,000 Poland
86%
18,700,000 Saudi Arabia
86%
15,500,000 Indonesia
84%
12,900,000 Morocco
84%
6,200,000 Chile
82%
16,000,000 Hungary
82%
4,500,000 Israel
79%
7,200,000 Taiwan
79%
7,100,000 Philippines
75%
13,600,000 Ukraine
75%
16,600,000 Croatia
71%
4,800,000 Iran
70%
4,300,000 Dominican Republic
55%
4,300,000 Jordan
55%
No matching quizzes found
Score Distribution
Percent of People with Each Score
Percentile by Number Answered
Your Score History
You have not taken this quiz